<?xml version="1.0" encoding="UTF-8"?><?xml-stylesheet type="text/xsl" href="static/style.xsl"?><OAI-PMH xmlns="http://www.openarchives.org/OAI/2.0/" xmlns:xsi="http://www.w3.org/2001/XMLSchema-instance" xsi:schemaLocation="http://www.openarchives.org/OAI/2.0/ http://www.openarchives.org/OAI/2.0/OAI-PMH.xsd"><responseDate>2026-04-17T06:02:28Z</responseDate><request verb="GetRecord" identifier="oai:riubu.ubu.es:10259/8215" metadataPrefix="marc">https://riubu.ubu.es/oai/request</request><GetRecord><record><header><identifier>oai:riubu.ubu.es:10259/8215</identifier><datestamp>2024-12-30T23:42:06Z</datestamp><setSpec>com_10259_4596</setSpec><setSpec>com_10259.4_2574</setSpec><setSpec>com_10259.4_106</setSpec><setSpec>com_10259_2604</setSpec><setSpec>col_10259_4597</setSpec></header><metadata><record xmlns="http://www.loc.gov/MARC21/slim" xmlns:doc="http://www.lyncode.com/xoai" xmlns:xsi="http://www.w3.org/2001/XMLSchema-instance" xmlns:dcterms="http://purl.org/dc/terms/" xsi:schemaLocation="http://www.loc.gov/MARC21/slim http://www.loc.gov/standards/marcxml/schema/MARC21slim.xsd">
<leader>00925njm 22002777a 4500</leader>
<datafield tag="042" ind1=" " ind2=" ">
<subfield code="a">dc</subfield>
</datafield>
<datafield tag="720" ind1=" " ind2=" ">
<subfield code="a">Izquierdo Yusta, Alicia</subfield>
<subfield code="e">author</subfield>
</datafield>
<datafield tag="720" ind1=" " ind2=" ">
<subfield code="a">Martínez Ruiz, María Pilar .</subfield>
<subfield code="e">author</subfield>
</datafield>
<datafield tag="720" ind1=" " ind2=" ">
<subfield code="a">Pérez-Villarreal, Héctor Hugo</subfield>
<subfield code="e">author</subfield>
</datafield>
<datafield tag="260" ind1=" " ind2=" ">
<subfield code="c">2021-12</subfield>
</datafield>
<datafield tag="520" ind1=" " ind2=" ">
<subfield code="a">This research aims at contributing to the integration of other constructs that have not been traditionally used in the Theory of Planned Behavior (TPB). The paper's goal is to render the TPB more relevant and effective in predicting consumer decisions in diverse service environments such as fast food restaurants. For this purpose, the paper proposes a conceptual model that analyzes both the direct and indirect impact of food values, subjective norm, and brand love on behavioral loyalty toward fast food restaurants. In order to test the proposed model, we designed a questionnaire and distributed it to fast food consumers in the city of Puebla (Mexico). Data from the sample of 3565 respondents were collected and analyzed by using descriptive statistics and PLS regressions. The research makes several key contributions: First, it predicts behavioral loyalty rather than relies on more usual behaviors in the TPB, such as intention to purchase. Second, it analyzes the direct influence of food values on the constructs of subjective norm and brand love – in contrast to most previous research that has focused on measuring the relative importance of food values in food preference. Third, the study establishes the importance of including emotional variables in the TPB like the construct of brand love.</subfield>
</datafield>
<datafield tag="024" ind2=" " ind1="8">
<subfield code="a">0969-6989</subfield>
</datafield>
<datafield tag="024" ind2=" " ind1="8">
<subfield code="a">http://hdl.handle.net/10259/8215</subfield>
</datafield>
<datafield tag="024" ind2=" " ind1="8">
<subfield code="a">10.1016/j.jretconser.2021.102885</subfield>
</datafield>
<datafield ind1=" " ind2=" " tag="653">
<subfield code="a">Theory of planned behaviour (TPB)</subfield>
</datafield>
<datafield ind1=" " ind2=" " tag="653">
<subfield code="a">Food values</subfield>
</datafield>
<datafield ind1=" " ind2=" " tag="653">
<subfield code="a">Subjective norm</subfield>
</datafield>
<datafield ind1=" " ind2=" " tag="653">
<subfield code="a">Brand love</subfield>
</datafield>
<datafield ind1=" " ind2=" " tag="653">
<subfield code="a">Behavioral loyalty</subfield>
</datafield>
<datafield ind1=" " ind2=" " tag="653">
<subfield code="a">Fast food industry</subfield>
</datafield>
<datafield tag="245" ind1="0" ind2="0">
<subfield code="a">Studying the impact of food values, subjective norm and brand love on behavioral loyalty</subfield>
</datafield>
</record></metadata></record></GetRecord></OAI-PMH>